| 000 | 00409nam a2200145Ia 4500 | ||
|---|---|---|---|
| 008 | 231129s1995||||xx |||||||||||||| ||spa|| | ||
| 020 | _a84-7583-824-3 (v.1). | ||
| 040 | _bspa | ||
| 082 | _a358.43 G975c | ||
| 100 | _aGunston Bill | ||
| 245 | 0 | _aCazas y aviones de ataque aliados de la Segunda Guerra Mundial | |
| 260 | _c1995 | ||
| 264 | _aEdiciones Folio | ||
| 942 |
_2ddc _cBKS |
||
| 999 |
_c6822 _d6822 |
||